000 00500nam a2200193 a 4500
001 1757826843266
003 YourLibrary
005 20250915121514.0
008 250914s2002##################000#0#eng##
020 _a9780747557227
082 0 4 _a150.1954092
_bHAY
100 1 _aHayman, Ronald,
_eauthor.
245 1 0 _aA Life of Jung :
260 _bBloomsbury Paperbacks,
_c2002.
300 _a522 pages
650 0 _aPsychoanalysts.
942 _cENGLISH
040 _aYourLibrary
_beng
_cYourLibrary
999 _c587110
_d587110